00000000nam 2200000zi 4500
0019.920856
003CaOODSP
00520230505093845
006m     o  d f      
007cr |||||||||||
008230313t20222022onc     o    f000 0 eng d
020 |a9780660479941
040 |aCaOODSP|beng|erda|cCaOODSP
043 |an-cn---
0861 |aH164-347/1-2023E-PDF
24500|aGuidance on clinical evidence requirements for medical devices.
264 1|aOttawa, ON : |bHealth Canada = Santé Canada, |c2022.
264 4|c©2022
300 |a1 online resource (iv, 23 pages)
336 |atext|btxt|2rdacontent
337 |acomputer|bc|2rdamedia
338 |aonline resource|bcr|2rdacarrier
500 |aIssued also in French under title: Ligne directrice sur les exigences en matière de preuves cliniques pour les instruments médicaux.
650 0|aMedical instruments and apparatus|xStandards|zCanada.
650 0|aMedical instruments and apparatus industry|xGovernment policy|zCanada.
7101 |aCanada. |bHealth Canada, |eissuing body.
77508|tLigne directrice sur les exigences en matière de preuves cliniques pour les instruments médicaux.|w(CaOODSP)9.920857
85640|qPDF|s615 KB|uhttps://publications.gc.ca/collections/collection_2023/sc-hc/H164-347-1-2023-eng.pdf
986 |a220811